000 00943cab a22001935a 4500
001 L143253
008 080421s2008 xxk f 000 0 eng d
035 _a(Sirsi) u143253
041 0 _aeng
100 1 _aMenary, Steve
245 0 0 _aNorthern lights
260 _c2008
490 _aHousebuilder
_vApril 2008, 20-21(2)
520 _aReviews the residential property development moratoria in place across significant areas of North West England. Suggests that a number of local authorities are moving towards releasing land. Developers have reduced their flat building as a result of problems of oversupply in the box apartment market. Suggests that although large developers will be keen to build housing in significant numbers, smaller companies may still be able to enter the market.
590 _aKA
651 4 _aNorth West (England)
_y1994-
690 _aPROPERTY-RESIDENTIAL PROPERTY-RESIDENTIAL PROPERTY DEVELOPMENT
942 _n0
999 _c80113
_d80113